Cómo se hacen los niños / (Registro nro. 11736)

Detalles MARC
000 -LIDER
fixed length control field 00816nam a22002657a 4500
001 - NÚMERO DE CONTROL
Identificador de número de control 0011700
003 - IDENTIFICACDOR DE NÚMERO DE CONTROL
control field DO-SdBNP
005 - DATE AND TIME OF LATEST TRANSACTION
control field 20180122090901.0
007 - CAMPOS FIJOS DE DESCRIPCIÓN FÍSICA
fixed length control field 0011700
008 - ELEMENTOS DE LONGITUD FIJA
fixed length control field 161031b 1978 sp||||| |||| 00| 0 spa d
020 ## - ISBN
International Standard Book Number 8425310334
040 ## - FUENTE DE CATALOGACIÓN
Agencia que crea de manera original el registro BPMSU
Idioma de catalogación spa
Agencia que realiza la transcripción BPMSU
082 ## - NÚMERO DE CLASIFICACIÓN DECIMAL DE DEWEY
Classification number xxxxxxxx
Item number xxxxxxx
100 1# - ASIENTO PRINCIPAL -- NOMBRE PERSONAL
Nombre personal Westley, Ana
245 10 - MENCIÓN DE TITULO
Título Cómo se hacen los niños /
Mención de responsabilidad Ana Westley ; prólogo Angel Sopeña Ibañez ; dibujos Juan Salto
250 ## - MENCIÓN DE EDICION
Mención de edición 7a ed.
260 ## - PUBLICACIÓN, DISTRIBUCIÓN, ETC. (PIE DE IMPRENTA)
Lugar de publicación, distribución, etc Barcelona :
Nombre del editor, distribuidor, etc. Grijaldo,
Fecha de publicación, distribución, etc 1978.
300 ## - DESCRIPCIÓN FÍSICA
Extensión 36 p. :
Otros detalles físicos il.,
Dimensiones 26 cm.
500 ## - NOTA GENERAL
Nota general Un eficaz instrumento de ayuda para los padres y educadores.
700 1# - ASIENTO SECUNDARIO -- NOMBRE PERSONAL
Nombre personal Sopeña Ibañez, Angel,
Mención de responsabilidad pról.
700 1# - ASIENTO SECUNDARIO -- NOMBRE PERSONAL
Nombre personal Salto, Juan,
Mención de responsabilidad dibujos
942 ## - ADDED ENTRY ELEMENTS (KOHA)
Source of classification or shelving scheme Dewey Decimal Classification
Koha item type Libros
945 ## - INFORMACIÓN DE PROCESAMIENTO LOCAL
Información de procesamiento local Inventariado, 2018 / YL
956 ## - LOCAL ELECTRONIC LOCATION AND ACCESS (OCLC)
Nombre de host BTAVÁREZ
Número de acceso 10
Información de compresión 20161031
Trayectoria 0011700
Existencias
Withdrawn status Lost status Source of classification or shelving scheme Damaged status Not for loan Collection code Home library Current library Date acquired Source of acquisition Total Checkouts Full call number Barcode Date last seen Price effective from Koha item type
    Dewey Decimal Classification     Colección General Biblioteca Pública Metropolitana Salomé Ureña Biblioteca Pública Metropolitana Salomé Ureña 10/31/2016 Donación   xxxxxxxx xxxxxxx BPMSU16100451 10/31/2016 10/31/2016 Libros